Rhymes with 'UM' Quiz Stats

Quiz Updated Oct 3, 2016

Also try: Rhymes with 'ART'
Challenge
Share
Tweet
Embed
Score 0/24 Timer 03:00
13 Plays Today
% Correct
bum
98%
rum
94.9%
dumb
93.5%
hum
93.2%
sum
88.2%
gum
87.8%
numb
85.1%
mum
83.5%
plum
82.7%
crumb
81.2%
drum
76.6%
come
68.5%
% Correct
slum
67.2%
thumb
62.8%
some
62%
chum
60.7%
glum
57.4%
plumb
52.8%
scum
52.6%
strum
47.8%
scrum
26.8%
swum
24.3%
thrum
13%
rhumb
9.5%

You're not logged in!

Compare scores with friends on all Sporcle quizzes.
Join for Free
OR
Log In

You Might Also Like...

Show Comments

Extras

Top Quizzes Today


Score Distribution

Your Account Isn't Verified!

In order to create a playlist on Sporcle, you need to verify the email address you used during registration. Go to your Sporcle Settings to finish the process.

Report this User

Report this user for behavior that violates our Community Guidelines.

Details: